[Event "Prague Golden Rapid op"]
[Site "Prague"]
[Date "2023.06.17"]
[Round "9"]
[White "Filip, Tomas"]
[Black "Bartonicek, Zdenek"]
[Result "1-0"]
[WhiteElo "1808"]
[BlackElo "1915"]
[PlyCount "89"]
[EventDate "2023.06.17"]
[EventType "swiss (rapid)"]
[EventRounds "9"]
[EventCountry "CZE"]
[SourceTitle "CBM 215 Extra"]
[Source "ChessBase"]
[SourceDate "2023.09.30"]
[SourceVersion "1"]
[SourceVersionDate "2023.09.30"]
[SourceQuality "1"]

1. e4 c5 2. Nf3 Nc6 3. d4 cxd4 4. Nxd4 g6 5. Nc3 Bg7 6. Be3 d6 7. Bc4 Nf6 8. Bb3 0-0 9. f3 Bd7 10. Qd2 Nxd4 11. Bxd4 Bc6 12. 0-0-0 a5 13. a4 Nd7 14. Bxg7 Kxg7 15. h4 Nc5 16. h5 Nxb3+ 17. cxb3 Kh8 18. Qh6 g5 19. Qxg5 Rg8 20. Qf4 f6 21. g4 Qc7 22. Kb1 Rg5 23. Ne2 Qb6 24. Nd4 Bd7 25. Ka2 Rc8 26. Qd2 Rcc5 27. Nf5 Bxf5 28. exf5 Qc7 29. Rc1 Rg8 30. Rxc5 dxc5 31. Re1 c4 32. Qc3 cxb3+ 33. Kxb3 Qd7 34. Qxa5 Rc8 35. Qb5 Qd6 36. Ka2 b6 37. Re6 Qd8 38. Qxb6 Rb8 39. Qxd8+ Rxd8 40. Rxe7 Rd3 41. a5 Rd5 42. b4 Kg8 43. a6 Rd2+ 44. Kb3 Rd1 45. a7 1-0

[Event "Pilsen Region-chT 2223"]
[Site "Czech Republic"]
[Date "2022.11.13"]
[Round "3.2"]
[White "Bartonicek, Zdenek"]
[Black "Kriz, Lubos"]
[Result "1/2-1/2"]
[WhiteElo "1921"]
[BlackElo "2061"]
[PlyCount "89"]
[EventDate "2022.10.09"]
[EventType "team-tourn"]
[EventRounds "11"]
[EventCountry "CZE"]
[SourceTitle "EXT 2024"]
[Source "ChessBase"]
[SourceDate "2023.10.10"]
[SourceVersion "1"]
[SourceVersionDate "2023.10.10"]
[SourceQuality "1"]
[WhiteTeam "Loko"]
[BlackTeam "HerNyr"]
[WhiteTeamCountry "CZE"]
[BlackTeamCountry "CZE"]

1. e4 c5 2. c3 d5 3. exd5 Qxd5 4. d4 e6 5. Nf3 Nc6 6. Be2 Nf6 7. 0-0 Be7 8. Na3 cxd4 9. Nb5 Qd8 10. Nbxd4 Nxd4 11. Nxd4 0-0 12. Qb3 a6 13. Bf4 Qd5 14. Bf3 Qxb3 15. Nxb3 Nd5 16. Bg3 b5 17. Rfe1 Ra7 18. Na5 Rd7 19. Rad1 Bd6 20. Bxd6 Rxd6 21. Bxd5 exd5 22. Nb3 Be6 23. Re5 Rb8 24. a3 g6 25. Rde1 Kg7 26. Nd4 Kf6 27. f3 h5 28. h3 a5 29. g4 hxg4 30. fxg4 b4 31. g5+ Ke7 32. axb4 axb4 33. Ra1 bxc3 34. bxc3 Rdb6 35. Rae1 Kd6 36. R5e3 Rb1 37. Rxb1 Rxb1+ 38. Kg2 Rc1 39. Ne2 Rc2 40. Kg3 Bc8 41. Nd4 Rc1 42. Ne2 Rd1 43. Nd4 Rg1+ 44. Kh4 Rh1 45. Ne2 1/2-1/2

[Event "Prague Menchik Memorial Rapid"]
[Site "Prague"]
[Date "2021.09.28"]
[Round "5"]
[White "Kraus, Petr1"]
[Black "Bartonicek, Zdenek"]
[Result "0-1"]
[WhiteElo "1172"]
[BlackElo "1956"]
[PlyCount "60"]
[EventDate "2021.09.28"]
[EventType "swiss (rapid)"]
[EventRounds "9"]
[EventCountry "CZE"]
[SourceTitle "CBM 204 Extra"]
[Source "ChessBase"]
[SourceDate "2021.11.30"]
[SourceVersion "1"]
[SourceVersionDate "2021.11.30"]
[SourceQuality "1"]

1. e4 e5 2. Nf3 Nc6 3. Bb5 a6 4. Bxc6 dxc6 5. 0-0 Bd6 6. Nc3 Nf6 7. Qe2 Bg4 8. h3 Bh5 9. g4 Bg6 10. d3 Qd7 11. Nh2 0-0-0 12. f4 exf4 13. Bxf4 Rhe8 14. Qf3 h5 15. Rae1 hxg4 16. hxg4 Nh7 17. e5 Bb4 18. Bd2 Nf8 19. a3 Bc5+ 20. Kg2 Ne6 21. Ne4 Be7 22. Re3 Rh8 23. Rh1 Nd4 24. Qd1 Rh7 25. Rh3 Rdh8 26. Rxh7 Rxh7 27. Bg5 Bxe4+ 28. dxe4 Bxg5 29. c3 Ne6 30. Qe2 Nf4+ 0-1

[Event "Marianske Lazne op"]
[Site "Marianske Lazne"]
[Date "2020.01.21"]
[Round "4"]
[White "Vetokhina, Sofia"]
[Black "Bartonicek, Zdenek"]
[Result "1/2-1/2"]
[WhiteElo "1795"]
[BlackElo "1945"]
[PlyCount "64"]
[EventDate "2020.01.18"]
[EventType "swiss"]
[EventRounds "9"]
[EventCountry "CZE"]
[SourceTitle "EXT 2021"]
[Source "ChessBase"]
[SourceDate "2020.10.23"]
[SourceVersion "1"]
[SourceVersionDate "2020.10.23"]
[SourceQuality "1"]

1. d4 g6 2. c4 Bg7 3. Nc3 Nf6 4. e4 0-0 5. Be2 d6 6. Bg5 c5 7. d5 b5 8. cxb5 a6 9. a4 Qa5 10. Bd2 Qc7 11. Nf3 e6 12. 0-0 exd5 13. exd5 Bb7 14. Bf4 Nh5 15. Be3 Nd7 16. Nd2 Nhf6 17. Nc4 Rfe8 18. a5 Ne5 19. b6 Qe7 20. Re1 Nfd7 21. f4 Nxc4 22. Bxc4 Qh4 23. g3 Qh6 24. g4 Rxe3 25. Rxe3 Bd4 26. Qf3 Qh4 27. Kg2 Bxe3 28. Qxe3 Qxg4+ 29. Qg3 Qf5 30. Bd3 Bxd5+ 31. Kf2 Qe6 32. Rd1 Bb7 1/2-1/2

[Event "Marianske Lazne op 18th"]
[Site "Marianske Lazne"]
[Date "2019.01.23"]
[Round "6"]
[White "Bartonicek, Zdenek"]
[Black "Kolodziejski, Piotr"]
[Result "0-1"]
[WhiteElo "1950"]
[BlackElo "1682"]
[PlyCount "102"]
[EventDate "2019.01.19"]
[EventType "swiss"]
[EventRounds "9"]
[EventCountry "CZE"]
[SourceTitle "CBM 188 Extra"]
[Source "ChessBase"]
[SourceDate "2019.02.28"]
[SourceVersion "1"]
[SourceVersionDate "2019.02.28"]
[SourceQuality "1"]

1. e4 c6 2. d4 d5 3. Nc3 dxe4 4. Nxe4 Bf5 5. Ng3 Bg6 6. Nf3 Nd7 7. h4 h6 8. h5 Bh7 9. Bd3 Bxd3 10. Qxd3 e6 11. Bd2 Ngf6 12. 0-0-0 Be7 13. Qe2 0-0 14. Rhe1 b5 15. Ne5 Nxe5 16. dxe5 Nd5 17. Ne4 a5 18. g4 Qc7 19. f4 b4 20. g5 hxg5 21. fxg5 Qxe5 22. Qg2 Qc7 23. g6 f5 24. Ng5 Nf4 25. Qg1 Rfe8 26. Nxe6 Nxe6 27. Rxe6 Bf6 28. Rde1 Rxe6 29. Rxe6 Qd7 30. Qe1 Rd8 31. h6 Bh4 32. h7+ Kh8 33. Qe2 c5 34. Bf4 c4 35. Rd6 Qc7 36. Qd2 Re8 37. Re6 Qc8 38. Rxe8+ Qxe8 39. Qd1 Qxg6 40. Qh1 Bg5 41. Bxg5 Qxg5+ 42. Kd1 Qg4+ 43. Kd2 Qd4+ 44. Ke2 Qe5+ 45. Kd2 c3+ 46. bxc3 Qxc3+ 47. Ke2 Qxc2+ 48. Ke3 Qe4+ 49. Qxe4 fxe4 50. Kxe4 Kxh7 51. Kd4 g5 0-1

[Event "Plzen op 10th"]
[Site "Plzen"]
[Date "2018.11.21"]
[Round "4"]
[White "Soutner, Jaroslav"]
[Black "Bartonicek, Zdenek"]
[Result "0-1"]
[WhiteElo "1734"]
[BlackElo "1951"]
[PlyCount "64"]
[EventDate "2018.11.18"]
[EventType "swiss"]
[EventRounds "9"]
[EventCountry "CZE"]
[SourceTitle "CBM 189 Extra"]
[Source "ChessBase"]
[SourceDate "2019.05.31"]
[SourceVersion "1"]
[SourceVersionDate "2019.05.31"]
[SourceQuality "1"]

1. e4 e5 2. Nf3 Nc6 3. Bb5 a6 4. Ba4 Nf6 5. 0-0 Be7 6. Re1 b5 7. Bb3 d6 8. c3 Bg4 9. d3 Na5 10. Bc2 c5 11. Nbd2 0-0 12. Nf1 Re8 13. Ng3 g6 14. h3 Bc8 15. Nh2 d5 16. exd5 Qxd5 17. Bg5 Bb7 18. Nf3 Nd7 19. Bxe7 Rxe7 20. Qd2 Qd6 21. Ne4 Bxe4 22. Rxe4 Nf6 23. Rh4 e4 24. Ng5 e3 25. fxe3 Nc4 26. Qc1 Nxe3 27. Ne4 Nxe4 28. Rxe4 Rxe4 29. dxe4 Qg3 30. Qd2 Re8 31. Rc1 Nxg2 32. Qd3 Ne3+ 0-1

[Event "Wch Seniors 50 26th"]
[Site "Marianske Lazne"]
[Date "2016.11.26"]
[Round "7"]
[White "Bartonicek, Zdenek"]
[Black "Hajsman, Ladislav"]
[Result "1/2-1/2"]
[WhiteElo "1894"]
[BlackElo "1784"]
[PlyCount "104"]
[EventDate "2016.11.19"]
[EventType "swiss"]
[EventRounds "11"]
[EventCountry "CZE"]
[SourceTitle "CBM 175 Extra"]
[Source "ChessBase"]
[SourceDate "2016.12.12"]
[SourceVersion "1"]
[SourceVersionDate "2016.12.12"]
[SourceQuality "1"]

1. e4 c5 2. c3 d6 3. d4 cxd4 4. cxd4 Nd7 5. Nc3 e6 6. Nf3 a6 7. Bd3 Be7 8. Bf4 Qa5 9. 0-0 e5 10. Bd2 Qd8 11. Rc1 Ngf6 12. h3 0-0 13. Be3 b6 14. a3 Bb7 15. d5 Rc8 16. Qd2 b5 17. b4 Nb6 18. Ne2 Nfd7 19. Ng3 Nc4 20. Bxc4 Rxc4 21. Rxc4 bxc4 22. Rc1 Qc7 23. Nf5 Nf6 24. Nxe7+ Qxe7 25. Rxc4 Qd7 26. Qc2 Rc8 27. Nd2 Rxc4 28. Qxc4 Ne8 29. Nb3 f5 30. f3 f4 31. Bb6 h5 32. Na5 Bc8 33. Nc6 Kf8 34. a4 g5 35. Nd8 Ng7 36. Qc7 g4 37. hxg4 hxg4 38. Qxd7 Bxd7 39. Bc7 Ne8 40. Bb6 gxf3 41. Nc6 fxg2 42. b5 axb5 43. a5 Bxc6 44. dxc6 b4 45. a6 b3 46. c7 Nxc7 47. Bxc7 Ke7 48. a7 b2 49. Bd8+ Kd7 50. a8Q b1Q+ 51. Kxg2 Qc2+ 52. Kh3 Qc8 1/2-1/2

[Event "Plzen op 8th"]
[Site "Plzen"]
[Date "2016.10.12"]
[Round "4"]
[White "Bartonicek, Zdenek"]
[Black "Simet, Martin"]
[Result "0-1"]
[WhiteElo "1917"]
[BlackElo "2098"]
[PlyCount "90"]
[EventDate "2016.10.09"]
[EventType "swiss"]
[EventRounds "7"]
[EventCountry "CZE"]
[SourceTitle "EXT 2017"]
[Source "ChessBase"]
[SourceDate "2016.10.25"]
[SourceVersion "1"]
[SourceVersionDate "2016.10.25"]
[SourceQuality "1"]

1. e4 c5 2. c3 d6 3. Nf3 Nf6 4. d4 Nxe4 5. Be3 cxd4 6. Qxd4 Nf6 7. Bb5+ Bd7 8. Na3 g6 9. Rd1 Bg7 10. Qh4 0-0 11. 0-0 Bxb5 12. Nxb5 Qd7 13. Qb4 Nc6 14. Qb3 a6 15. Nbd4 Nxd4 16. Bxd4 b5 17. Rfe1 Qc7 18. Re2 e6 19. a4 Rab8 20. axb5 axb5 21. Red2 Ne4 22. Re2 d5 23. Bxg7 Kxg7 24. Nd2 Nxd2 25. Rexd2 Qc4 26. Qa3 b4 27. Qa4 Ra8 28. Qxb4 Qxb4 29. cxb4 Rfb8 30. Rd4 Ra2 31. Rb1 Ra4 32. Kf1 Raxb4 33. Rxb4 Rxb4 34. Ke2 e5 35. Kd2 d4 36. Kc2 f5 37. Ra1 Kf6 38. Ra5 e4 39. b3 Rb6 40. Rc5 Ke6 41. Rc7 Ra6 42. Kb2 d3 43. h4 Kd6 44. Rxh7 Rc6 45. Rh8 Rc2+ 0-1